Caso Guantǹamo ¿A que se debe la negacin̤ de acciones jurd̕icas? /

Detalles Bibliográficos
Autor principal: Roque, Paula
Formato: eBook
Lenguaje:español
Publicado: Bogot:̀ Editorial Acadm̌ica Espaǫla, 2019
Materias:
Acceso en línea:Acceso restringido

MARC

LEADER 00000nam a22000007a 4500
005 2019100903083.0
007 cr|||| ||||
008 191009s2019 co |||||s|||| 00||0 spa d
020 |a 9786139465392 
035 |a 29748 
040 |a vLex 
090 |c 9761  |d 9761 
100 1 |a Roque, Paula 
245 1 0 |a Caso Guantǹamo  |h [Recurso electrn̤ico] :  |b ¿A que se debe la negacin̤ de acciones jurd̕icas? /  |c Paula Roque 
256 |a Servicio en ln̕ea 
260 |a Bogot:̀  |b Editorial Acadm̌ica Espaǫla,  |c 2019 
300 |a 1 recurso electrn̤ico 
500 |a Este caso fue uno de reconocimiento mundial por las barbaries que ocurra̕n en esa prisin̤ y a las cuales ninguna entidad de apoyo internacional poda̕ dar solucin̤ por las irregularidades polt̕icas o gubernamentales bajo las cuales estaba regido el pas̕ donde estaba ubicada: Cuba. Muchos actores externos intentaban demostrar que el sometimiento carcelario no estaba aprobado y la violacin̤ a los derechos humanos eran un factor clave para su cierre. 
506 1 |a Disponible solo en los productos indicados  |d vLex Global  |d vLex Global (Academic Edition, excluding Law Schools)  |d vLex Global (U.S. Academic Edition, Law Schools)  |d vLex Global (U.S. Academic Edition, excluding Law Schools)  |d vLex Global (Academic Edition, Law Schools) 
650 0 4 |a Derecho Internacional  |z Colombia 
740 0 |a vLex Libros (Servicio en ln̕ea) 
856 4 0 |u http://vlex.com/source/29748  |z Acceso restringido 
942 |c BOOK 
999 0 |a International right